Missing Word: Arnold Schwarzenegger (A-Z) Quiz Stats

 Plays Quiz not verified by Sporcle

Support Sporcle.
Go Orange.
Score 0/18 Timer 03:00
0 Plays Today
Movie Missing Word % Correct
_____ & RobinBatman
97.1%
Around the World _____ 80 DaysIn
97.1%
Jingle All the _____Way
96.7%
_____ RecallTotal
96.3%
_____ the BarbarianConan
95.9%
Hercules in _____ YorkNew
95.5%
Last _____ HeroAction
93.9%
Collateral _____Damage
93.4%
End _____ DaysOf
93.4%
Movie Missing Word % Correct
The Running _____Man
91.4%
_____ CopKindergarten
88.5%
True _____Lies
88.5%
Terminator 2: _____ DayJudgment
81.1%
Escape _____Plan
68.4%
_____ DealRaw
67.2%
Red _____Heat
47.5%
The Last _____Stand
36.5%
Killing _____Gunther
23.8%

You're not logged in!

Compare scores with friends on all Sporcle quizzes.
OR
Log In

From the Vault

American Literature Titles Match-Up

by khands

It turns out that Americans really like to write.
Remove Ads.
Support Sporcle.
Get the best of Sporcle when you Go Orange. This ad-free experience offers more features, more stats, and more fun while also helping to support Sporcle. Thank you for becoming a member.

Show Comments

Extras

Top Quizzes Today


Score Distribution

Your Account Isn't Verified!

In order to create a playlist on Sporcle, you need to verify the email address you used during registration. Go to your Sporcle Settings to finish the process.

Report this User

Report this user for behavior that violates our Community Guidelines.

Details: